Geografia classica / (Record no. 166584)

MARC details
000 -LEADER
campo de control de longitud fija 00778nam a22002415i 4500
001 - NÚMERO DE CONTROL
campo de control 166584
003 - IDENTIFICADOR DE NÚMERO DE CONTROL
campo de control ES-MaACL
005 - FECHA Y HORA DE LA ÚLTIMA TRANSACCIÓN
campo de control 20250814064715.0
008 - DATOS DE LONGITUD FIJA--INFORMACIÓN GENERAL
campo de control de longitud fija 050915s1891 it | |||||||| ||ita d
100 1# - ENTRADA PRINCIPAL--NOMBRE DE PERSONA
Nombre de persona Tozer, H.F.
9 (RLIN) 133365
245 10 - MENCIÓN DEL TÍTULO
Título Geografia classica /
Mención de responsabilidad, etc. di H.F. Tozer ; traduzione e note di Iginio Gentile.
250 ## - MENCION DE EDICION
Mención de edición 5ª ed. riv. e corr.
260 ## - PUBLICACIÓN, DISTRIBUCIÓN, ETC.
Lugar de publicación, distribución, etc. Milano :
Nombre del editor, distribuidor, etc. Ulrico Hoepli,
Fecha de publicación, distribución, etc. 1891 (
Fabricante Tip. Lombardi)
300 ## - DESCRIPCIÓN FÍSICA
Extensión 168 p. ;
Dimensiones 15 cm.
490 1# - MENCIÓN DE SERIE
Mención de serie Manuali Hoepli ;
Designación de volumen o secuencia 9
650 #7 - PUNTO DE ACCESO ADICIONAL DE MATERIA--TÉRMINO DE MATERIA
Término de materia o nombre geográfico como elemento de entrada Geografía antigua
Fuente del encabezamiento o término embne
9 (RLIN) 136173
700 1# - ENTRADA AGREGADA--NOMBRE PERSONAL
Nombre de persona Gentile, Iginio.
9 (RLIN) 56358
700 1# - ENTRADA AGREGADA--NOMBRE PERSONAL
Nombre de persona Hoepli, Ulrico.
9 (RLIN) 128010
752 ## - ENTRADA AGREGADA--NOMBRE JERÁRQUICO DEL LUGAR
País o entidad superior Italia -
Ciudad Milán
830 1# - PUNTO DE ACCESO ADICIONAL DE SERIE-TÍTULO UNIFORME
Título uniforme Manuali Hoepli ;
Designación de volumen o secuencia 9
9 (RLIN) 180782
852 ## - LOCALIZACIÓN
Ubicación ES-MaACL
Número de control de estantería D-4235
Nota libre - Enc. ed. en tela
Holdings
Estatus retirado Estado de pérdida Estado de daño No para préstamo Colección Biblioteca de origen Biblioteca actual Ubicación en estantería Fecha de adquisición Fuente de adquisición Total de préstamos Signatura topográfica completa Código de barras Visto por última vez Precio de reemplazo Tipo de ítem Koha
        Libros del s. XIX Biblioteca del Ateneo de Madrid Biblioteca del Ateneo de Madrid Sala Valle Inclán 17/01/2008     D-4235 901174715 23/02/2023 23/02/2023 Libro impreso antiguo